000 00757nam a2200229Ia 4500
001 17595
003 GE_BSU
008 181216s||||||||xx |||||||||||||| ||und||
040 _cGE_BSU
080 _a821.353.1-1 +821.353.1-11
100 _aკუპრავა,ოთარ
245 _aლექსები,პოემები
245 _cბოლოსიტყ.ავტ.:ზ.ლორთქიფანიძე;რედ.:ლ.არაბიძე; მხატვ.:სპ.ცინცაძე
260 _aთბილისი
260 _bმერანი
260 _c1980
300 _a315გვ.;20სმ.
300 _eპორტრ.
653 _aლექსები
653 _aპოემები
942 _cBK
999 _c50645
_d50645